ՀՀ Գիտությունների ազգային ակադեմիայի հիմնարար գիտական գրադարան  =   Fundamental Scientific Library of NAS RA

The dialogues of Plato / (Record no. 541742)

MARC details
000 -LEADER
fixed length control field 01040nam a2200265 a 4500
005 - DATE AND TIME OF LATEST TRANSACTION
control field 20260310094934.0
008 - FIXED-LENGTH DATA ELEMENTS--GENERAL INFORMATION
fixed length control field 260310s1962 nyu||||er|||| 00||0 eng d
040 ## - CATALOGING SOURCE
Original cataloging agency AM-YEHGA
Transcribing agency AM-YEHGA
041 0# - LANGUAGE CODE
Language code of text/sound track or separate title eng
100 1# - MAIN ENTRY--PERSONAL NAME
Personal name Plato
245 14 - TITLE STATEMENT
Title The dialogues of Plato /
Statement of responsibility, etc. translated by W.H.D. Rouse ; edited by Eric H. Warmington, Philip G. Rouse.
250 ## - EDITION STATEMENT
Edition statement eighth printing
260 ## - PUBLICATION, DISTRIBUTION, ETC.
Place of publication, distribution, etc. New York :
Name of publisher, distributor, etc. A Mentor book :
-- The New American Library,
Date of publication, distribution, etc. 1962.
300 ## - PHYSICAL DESCRIPTION
Extent 521 p.
490 0# - SERIES STATEMENT
Series statement A Mentor classic
Volume/sequential designation MT302
500 ## - GENERAL NOTE
General note Contains the complete Texts of The Repumlic. Apology. Crito. Phaedo. Ion. Meno. Symposium- A Modern Translation by W.H.D. Rouse- Translator of The Odyssey and The Iliad.
500 ## - GENERAL NOTE
General note Dialogues of Plato
650 14 - SUBJECT ADDED ENTRY--TOPICAL TERM
Topical term or geographic name entry element Philosophy, Ancient
650 14 - SUBJECT ADDED ENTRY--TOPICAL TERM
Topical term or geographic name entry element Political science
651 #4 - SUBJECT ADDED ENTRY--GEOGRAPHIC NAME
Geographic name Utopias
General subdivision Early works to 1800
700 1# - ADDED ENTRY--PERSONAL NAME
Personal name Rouse, William Henry Denham,
Dates associated with a name 1863-1950
Relator term translator
700 1# - ADDED ENTRY--PERSONAL NAME
Personal name Warmington, Eric Herbert,
Dates associated with a name 1898-1987
Relator term editor
700 1# - ADDED ENTRY--PERSONAL NAME
Personal name Rouse, Philip G.
Relator term editor
942 ## - ADDED ENTRY ELEMENTS (KOHA)
Source of classification or shelving scheme Universal Decimal Classification
Koha item type Գրքեր / Books
Suppress in OPAC No
Holdings
Withdrawn status Lost status Source of classification or shelving scheme Damaged status Not for loan Collection Home library Current library Date acquired Total checkouts Full call number Barcode Date last seen Price effective from Koha item type Public note
    Universal Decimal Classification     General Fundamental Scientific Library Fundamental Scientific Library 10/03/2026   И I/16123 FL0703761 10/03/2026 10/03/2026 Գրքեր / Books 30 Days Loan


ՀՀ ԳԱԱ հիմնարար գիտական գրադարան
ՀՀ,Երևան 0019
Մարշալ Բաղրամյան 24/6
հեռախոս:(374-10) 52-47-50
Հետադարձ կապ

All site content, except where otherwise noted, is licensed under a
Creative Commons License